000 00989nas a2200313 4500
001 BR0504183
003 BR-BrBNA
005 20231205105545.0
007 ta
008 230509b bl.|||p| |||| 00| 00por d
040 _aBR-BrBNA
_bpor
_cBiblioteca Nacional de Agricultura
041 _a(Pt)
072 _aF02; F61
100 1 _aNeves, O.S.C.
100 1 _aCarvalho, J.G. de
100 1 _aRodrigues, C.R.
245 1 _aCrescimento e nutrição mineral de mudas de umbuzeiro (Spondias tuberosa Arr. Cam.)submetidas a níveis de salinidade em solução nutritiva
650 _aSPONDIAS TUBEROSA
650 _aUMBU
650 _aSALINIDADE
650 _aCLORETO DE SÓDIO
650 _aESTUFA
650 _aSOLUÇÃO NUTRITIVA
650 _aMUDA
650 _aABSORÇÃO DE NUTRIENTES
773 0 _tCiência e Agrotecnologia (Brazil)
_xISSN 1413-7054
_g(Sep-Oct 2004), v. 28(5) p. 997-1006
_wBR0504183
909 _a202311
_bLúcia
_c55
_dLúcia Elande
942 _2AGRIS
_n0
_cANA
999 _c183542
_d183542